[Event "26th WSCC 2016 Open 50+"]
[Site "Marianske Lazne, Czech Republic - Hotel Cristal and Continental"]
[Date "2016.11.21"]
[Round "3.21"]
[White "Grigoryan, Karen"]
[Black "Hewson, Brian Wr"]
[Result "1/2-1/2"]
[WhiteElo "2332"]
[BlackElo "2083"]
[PlyCount "100"]
[EventDate "2016.11.19"]

1. d4 d5 2. c4 c6 3. Nf3 Nf6 4. cxd5 cxd5 5. Nc3 Nc6 6. Bf4 Bf5 7. e3 a6 8. Be2
e6 9. O-O Bd6 10. Bxd6 Qxd6 11. Rc1 O-O 12. Nh4 Ne7 13. Nxf5 Nxf5 14. Bd3 Rfc8
15. Rc2 Rc7 16. Qe2 Rac8 17. Rfc1 Qd7 18. Na4 Rxc2 19. Rxc2 Rxc2 20. Qxc2 Nd6
21. h3 h6 22. b3 Qc8 23. Qxc8+ Nxc8 24. Nc5 Nd6 25. b4 Kf8 26. f3 Ke7 27. Kf2
Nd7 28. Ke2 Nxc5 29. bxc5 Nc8 30. e4 Na7 31. exd5 exd5 32. Ke3 Nc6 33. Bf5 Kd8
34. f4 Kc7 35. Bd3 b5 36. Be2 Nb4 37. a3 Nc2+ 38. Kd3 Nxa3 39. Kc3 Nc4 40. Bxc4
bxc4 41. Kb4 a5+ 42. Kc3 Kc6 43. Kc2 h5 44. h4 f5 45. Kc3 Kb5 46. Kc2 a4 47.
Kb2 g6 48. g3 Ka5 49. Kb1 Kb5 50. Kb2 Ka5 1/2-1/2

[Event "26th WSCC 2016 Open 50+"]
[Site "Marianske Lazne, Czech Republic - Hotel Cristal and Continental"]
[Date "2016.11.21"]
[Round "3.22"]
[White "Babar, Michael"]
[Black "Barle, Janez"]
[Result "0-1"]
[WhiteElo "2129"]
[BlackElo "2303"]
[PlyCount "82"]
[EventDate "2016.11.19"]

1. Nf3 Nc6 2. d4 d5 3. g3 Bf5 4. Bg2 e6 5. O-O Nf6 6. c3 Be7 7. b3 O-O 8. Bb2
h6 9. Nbd2 Bh7 10. a3 b5 11. Ne5 Nxe5 12. dxe5 Nd7 13. c4 bxc4 14. bxc4 Rb8 15.
Ra2 c6 16. cxd5 cxd5 17. e4 Nc5 18. exd5 exd5 19. Bd4 Ne6 20. Nf3 Qa5 21. Qd2
Qa4 22. Rd1 Rfc8 23. Bh3 Bc2 24. Rc1 Be4 25. Rxc8+ Rxc8 26. Bxe6 fxe6 27. Ne1
Rc4 28. Ba1 Kh7 29. Ng2 Bg5 30. f4 Bd8 31. Ne3 Bb6 32. Kf2 Qb3 33. Rb2 Qxa3 34.
Rxb6 axb6 35. Nxc4 Qf3+ 36. Ke1 Qh1+ 37. Kf2 Qxh2+ 38. Kf1 Qh1+ 39. Kf2 Qf3+
40. Ke1 Qxg3+ 41. Kd1 dxc4 0-1

[Event "26th WSCC 2016 Open 50+"]
[Site "Marianske Lazne, Czech Republic - Hotel Cristal and Continental"]
[Date "2016.11.21"]
[Round "3.23"]
[White "Schneider, Alexander"]
[Black "Bergstrom, Rolf"]
[Result "1-0"]
[WhiteElo "2058"]
[BlackElo "2296"]
[PlyCount "63"]
[EventDate "2016.11.19"]

1. d4 b6 2. e4 Bb7 3. Nc3 e6 4. Bd3 Nf6 5. Nge2 d5 6. exd5 Nxd5 7. Nxd5 Qxd5 8.
Nf4 Qd6 9. O-O Nd7 10. c3 O-O-O 11. Qe2 e5 12. dxe5 Qxe5 13. Be3 Nc5 14. Qg4+
Kb8 15. Bd4 Rxd4 16. cxd4 Qxd4 17. Be2 Bd6 18. Nh3 Qxb2 19. Rfe1 Bc8 20. Qg5
Ne6 21. Qe3 Bc5 22. Qb3 Qf6 23. Qg3 h5 24. Qf3 Qe7 25. Bc4 Rh6 26. Rad1 g5 27.
Qc6 Bb7 28. Qd7 Qf6 29. Rxe6 fxe6 30. Qd8+ Bc8 31. Ba6 Qh8 32. Bxc8 1-0

[Event "26th WSCC 2016 Open 50+"]
[Site "Marianske Lazne, Czech Republic - Hotel Cristal and Continental"]
[Date "2016.11.21"]
[Round "3.24"]
[White "Boulard, Eric"]
[Black "Becvar, Miroslav"]
[Result "1-0"]
[WhiteElo "2245"]
[BlackElo "1834"]
[PlyCount "69"]
[EventDate "2016.11.19"]

1. e4 e5 2. f4 exf4 3. Bc4 d6 4. d4 Qh4+ 5. Kf1 g5 6. Nc3 Be6 7. Qd3 Qh6 8.
Bxe6 Qxe6 9. Qb5+ Kd8 10. Qxg5+ Be7 11. Qxf4 Nf6 12. Nge2 Rg8 13. Qf5 Nc6 14.
Bf4 Rg4 15. h3 Rg6 16. d5 Nxd5 17. Qxe6 fxe6 18. exd5 Nb4 19. a3 Nxd5 20. Nxd5
exd5 21. Rd1 c6 22. g3 Kc7 23. Kg2 Rag8 24. Rhf1 Bf6 25. c3 Be5 26. Bxe5 dxe5
27. Rf7+ Kb6 28. Rxh7 Rf6 29. Rf1 Rgf8 30. Rxf6 Rxf6 31. Re7 e4 32. Nf4 Rd6 33.
h4 c5 34. h5 Kc6 35. Re6 1-0

[Event "26th WSCC 2016 Open 50+"]
[Site "Marianske Lazne, Czech Republic - Hotel Cristal and Continental"]
[Date "2016.11.21"]
[Round "3.25"]
[White "Prueske, Wolfgang"]
[Black "Brito, Luismar"]
[Result "0-1"]
[WhiteElo "2093"]
[BlackElo "2242"]
[PlyCount "94"]
[EventDate "2016.11.19"]

1. e4 c5 2. Nf3 d6 3. c3 Nf6 4. h3 g6 5. Bd3 Bg7 6. Bc2 Nc6 7. O-O O-O 8. d4
Nd7 9. d5 Nce5 10. Nh2 b5 11. b3 Nb6 12. f4 Ned7 13. Bb2 a5 14. Nd2 e6 15. dxe6
fxe6 16. Rb1 d5 17. e5 b4 18. c4 dxc4 19. bxc4 Ba6 20. Qe2 Qh4 21. Ng4 Rae8 22.
Bd3 Bb7 23. Ne4 Nc8 24. Qe3 Bxe4 25. Bxe4 Ne7 26. Rbd1 Rd8 27. Rd2 Nf5 28. Bxf5
gxf5 29. Nf2 Nb6 30. Rxd8 Rxd8 31. Qxc5 Na4 32. Qxa5 Nxb2 33. Qxb4 Qxf4 34. Qe7
Rb8 35. Qxe6+ Kh8 36. Re1 Nxc4 37. Ne4 Nxe5 38. Nf6 Nf3+ 39. gxf3 Qg3+ 40. Kf1
Qxf3+ 41. Kg1 Qg3+ 42. Kf1 Qxh3+ 43. Kg1 Qg3+ 44. Kf1 Qf4+ 45. Ke2 Rb2+ 46. Kd3
Rd2+ 47. Kc3 Qd4+ 0-1

[Event "26th WSCC 2016 Open 50+"]
[Site "Marianske Lazne, Czech Republic - Hotel Cristal and Continental"]
[Date "2016.11.21"]
[Round "3.26"]
[White "Simon, Petr"]
[Black "Chudinovskikh, Alexander M"]
[Result "0-1"]
[WhiteElo "1681"]
[BlackElo "2219"]
[PlyCount "70"]
[EventDate "2016.11.19"]

1. e4 c5 2. Nf3 Nc6 3. d4 cxd4 4. Nxd4 e5 5. Nb3 Nf6 6. Bg5 Be7 7. Bxf6 Bxf6 8.
Nc3 O-O 9. Be2 d6 10. Nd5 Bg5 11. O-O Be6 12. c4 Rc8 13. a4 b6 14. Ra3 g6 15.
Nd2 Nd4 16. Rc3 a5 17. Nb3 Nc6 18. Kh1 Kh8 19. Nd2 f5 20. f3 Nd4 21. Nb3 Nc6
22. Nd2 Bh6 23. Rg1 Rf7 24. Qe1 Nd4 25. Nb3 Nc6 26. Nd2 Rb8 27. Nb3 Bg5 28. Qd1
Qf8 29. Rf1 Qh6 30. g3 Qh3 31. f4 Bd8 32. g4 Qh6 33. Ne3 exf4 34. Qxd6 fxe3 35.
Qxe6 Bc7 0-1

[Event "26th WSCC 2016 Open 50+"]
[Site "Marianske Lazne, Czech Republic - Hotel Cristal and Continental"]
[Date "2016.11.21"]
[Round "3.27"]
[White "Syrchikov, Alexander"]
[Black "Shashidhar, B Rai"]
[Result "1/2-1/2"]
[WhiteElo "2416"]
[BlackElo "1306"]
[PlyCount "64"]
[EventDate "2016.11.19"]

1. Nf3 Nf6 2. d4 d5 3. c4 e6 4. Bg5 Be7 5. e3 c6 6. Nc3 dxc4 7. Bxc4 b5 8. Bd3
Nbd7 9. O-O Bb7 10. e4 a6 11. e5 Nd5 12. Bxe7 Nxc3 13. Bxd8 Nxd1 14. Rfxd1 Rxd8
15. Ng5 c5 16. dxc5 h6 17. Ne4 Bxe4 18. Bxe4 Nxc5 19. Rxd8+ Kxd8 20. Bc2 Ke7
21. Kf1 Rd8 22. Ke2 a5 23. Rc1 Rd5 24. f4 f6 25. exf6+ Kxf6 26. Ke3 e5 27. g3
exf4+ 28. gxf4 g5 29. fxg5+ hxg5 30. Rf1+ Kg7 31. Rf5 Rxf5 32. Bxf5 Kf6 1/2-1/2

[Event "26th WSCC 2016 Open 50+"]
[Site "Marianske Lazne, Czech Republic - Hotel Cristal and Continental"]
[Date "2016.11.21"]
[Round "3.28"]
[White "Ptacnik, Stanislav"]
[Black "Buchal, Stephan"]
[Result "0-1"]
[WhiteElo "2037"]
[BlackElo "2339"]
[PlyCount "62"]
[EventDate "2016.11.19"]

1. e4 g6 2. d4 Bg7 3. Nc3 d6 4. f4 a6 5. Nf3 b5 6. Bd3 Nd7 7. e5 c5 8. Ng5 cxd4
9. e6 f5 10. Nd5 Nc5 11. Nf7 Bxe6 12. Nxd8 Bxd5 13. Ne6 Bxe6 14. Qf3 Rc8 15.
O-O Nf6 16. a4 Bd5 17. Qe2 Nxa4 18. Rxa4 bxa4 19. Bxa6 Rc5 20. Bb5+ Kf7 21.
Bxa4 Bc4 22. Bb3 Bxb3 23. cxb3 Rhc8 24. Bd2 Ne4 25. Bb4 Rc2 26. Qa6 Rb8 27. Qd3
Rxb2 28. Qc4+ Kf8 29. Ra1 Bf6 30. Rd1 d5 31. Bxe7+ Bxe7 0-1

[Event "26th WSCC 2016 Open 50+"]
[Site "Marianske Lazne, Czech Republic - Hotel Cristal and Continental"]
[Date "2016.11.21"]
[Round "3.29"]
[White "Schroll, Gerhard"]
[Black "Juricek, Stanislav"]
[Result "1-0"]
[WhiteElo "2314"]
[BlackElo "2043"]
[PlyCount "103"]
[EventDate "2016.11.19"]

1. d4 Nf6 2. c4 e6 3. Nf3 d5 4. Nc3 Bb4 5. cxd5 exd5 6. Bg5 h6 7. Bxf6 Qxf6 8.
Rc1 O-O 9. a3 Bxc3+ 10. Rxc3 c6 11. e3 Re8 12. Be2 Nd7 13. O-O Qe7 14. b4 a6
15. Bd3 Nf6 16. Ne5 Ne4 17. Bxe4 dxe4 18. Qb1 Qg5 19. Qxe4 f6 20. f4 Qh4 21.
Qg6 Re7 22. Nf3 Qg4 23. Qxg4 Bxg4 24. h3 Bxf3 25. gxf3 a5 26. Rb1 axb4 27. Rxb4
f5 28. Kf2 Kh7 29. a4 Kg6 30. Rc5 Kf6 31. h4 g6 32. a5 Ra7 33. Rb6 Re6 34. Ke2
Kf7 35. Kd3 h5 36. e4 Kf6 37. Rb1 Re8 38. exf5 gxf5 39. Rg1 Rd8 40. Kc4 b5+ 41.
axb6 Ra4+ 42. Kc3 Ra3+ 43. Kb4 Ra2 44. Rxc6+ Kf7 45. Rb1 Rxd4+ 46. Kc5 Rd8 47.
b7 Rad2 48. Rc7+ Ke8 49. Rb4 Rc2+ 50. Rc4 Rb2 51. Kc6 Rb1 52. Rc5 1-0

[Event "26th WSCC 2016 Open 50+"]
[Site "Marianske Lazne, Czech Republic - Hotel Cristal and Continental"]
[Date "2016.11.21"]
[Round "3.30"]
[White "Kutynec, Vladimir"]
[Black "Tiedt, Gunter"]
[Result "1-0"]
[WhiteElo "2295"]
[BlackElo "2020"]
[PlyCount "93"]
[EventDate "2016.11.19"]

1. Nf3 d5 2. c4 d4 3. b4 f6 4. Qb3 e5 5. e3 c5 6. bxc5 Nc6 7. exd4 exd4 8. Ba3
Nh6 9. h3 Qe7+ 10. Be2 Bf5 11. O-O O-O-O 12. Bd3 Bxd3 13. Qxd3 Nf7 14. Qf5+ Qd7
15. Qxd7+ Rxd7 16. d3 Nfe5 17. Ne1 Nd8 18. f4 Nef7 19. Nd2 Ne6 20. Nb3 f5 21.
Nc2 g6 22. Rae1 Nfd8 23. c6 bxc6 24. Bxf8 Rxf8 25. Re5 Rf6 26. g3 Nf7 27. Ra5
h6 28. Kg2 Nfd8 29. h4 Kb8 30. Ne1 Nb7 31. Re5 c5 32. Nf3 Rc7 33. Rd5 Ned8 34.
Re1 Ra6 35. Nc1 Rb6 36. Re8 Rc8 37. Ne5 Kc7 38. Re7+ Kb8 39. Nd7+ Kc7 40. Nxc5+
Kc6 41. Nxb7 Rxb7 42. Rxb7 Nxb7 43. Nb3 Rg8 44. Nxd4+ Kb6 45. h5 Nc5 46. Rd6+
Ka5 47. hxg6 1-0

[Event "26th WSCC 2016 Open 50+"]
[Site "Marianske Lazne, Czech Republic - Hotel Cristal and Continental"]
[Date "2016.11.21"]
[Round "3.33"]
[White "Polanyi, Peter"]
[Black "Malinin, Vasily B"]
[Result "0-1"]
[WhiteElo "1990"]
[BlackElo "2220"]
[PlyCount "134"]
[EventDate "2016.11.19"]

1. e4 Nc6 2. d4 e5 3. dxe5 Nxe5 4. f4 Ng6 5. Nf3 Bc5 6. Bc4 d6 7. Qe2 Nf6 8. f5
Ne7 9. Bg5 Nc6 10. Nc3 O-O 11. Nd5 Bxf5 12. Bxf6 gxf6 13. O-O-O Re8 14. Nd2 Bg6
15. h4 h5 16. Nf4 Nd4 17. Qd3 Kf8 18. c3 Nc6 19. Nxg6+ fxg6 20. Qd5 Kg7 21. Nf3
Be3+ 22. Kb1 Qe7 23. Bd3 Ne5 24. Nxe5 dxe5 25. Qxb7 Rab8 26. Qd5 Red8 27. Qc4
Rd6 28. Bc2 Bd2 29. Bb3 Qd7 30. Qe2 a5 31. Qc4 Rdb6 32. Qe2 Rd8 33. Qc4 Rd6 34.
Ba4 Qg4 35. Bb3 Kh6 36. Bc2 f5 37. Rdf1 c6 38. a3 Be3 39. g3 Rd2 40. Qxc6 f4
41. gxf4 exf4 42. e5 Rb8 43. Qe4 Rb6 44. Re1 Bc5 45. Kc1 Rd8 46. Rhf1 Qxh4 47.
Rxf4 Qg5 48. Ref1 Re8 49. Kb1 Qxe5 50. Qxe5 Rxe5 51. b4 axb4 52. axb4 Be7 53.
Re4 Rxe4 54. Bxe4 Bxb4 55. Kc2 Bc5 56. Kd3 h4 57. Kc4 Be7 58. Kd5 Rb5+ 59. Ke6
Bd8 60. Rf8 Bc7 61. Kf7 Be5 62. c4 Rc5 63. Ke6 Bg7 64. Rf4 g5 65. Rf5 Rxc4 66.
Bd5 Rc1 67. Bf3 h3 0-1

[Event "26th WSCC 2016 Open 50+"]
[Site "Marianske Lazne, Czech Republic - Hotel Cristal and Continental"]
[Date "2016.11.21"]
[Round "3.34"]
[White "Schatz, Christian"]
[Black "Fox, Anthony"]
[Result "1/2-1/2"]
[WhiteElo "2218"]
[BlackElo "1986"]
[PlyCount "130"]
[EventDate "2016.11.19"]

1. Nf3 d5 2. g3 Nf6 3. Bg2 Bf5 4. c4 e6 5. cxd5 exd5 6. Qb3 Bc8 7. Nc3 c6 8. d4
Be7 9. O-O O-O 10. Bf4 Nbd7 11. Qc2 a6 12. a3 Re8 13. b4 Nf8 14. Rfe1 h6 15.
Ne5 Ne6 16. Be3 Nf8 17. Na4 Ng4 18. Nxg4 Bxg4 19. Nc5 Bc8 20. Bd2 Bf6 21. Bc3
Ne6 22. Rad1 b6 23. Nb3 Ng5 24. Bd2 Bd7 25. Bxg5 Bxg5 26. e4 dxe4 27. Bxe4 Rc8
28. Qd3 Be6 29. Nd2 Bxd2 30. Rxd2 Bd5 31. Rde2 Rxe4 32. Rxe4 Bxe4 33. Rxe4 b5
34. Re5 Qd6 35. Qe4 Rd8 36. h4 g6 37. Rc5 Qxd4 38. Qxd4 Rxd4 39. Rxc6 a5 40.
bxa5 Ra4 41. h5 Kg7 42. hxg6 fxg6 43. Rc7+ Kf6 44. Rc6+ Kg7 45. a6 Rxa3 46. Kf1
b4 47. Ke2 Ra2+ 48. Kd3 Rxf2 49. a7 Ra2 50. Rc7+ Kf6 51. Kc4 Kg5 52. Kxb4 Kg4
53. Kb3 Ra6 54. Rc4+ Kxg3 55. Ra4 Rxa7 56. Rxa7 h5 57. Kc3 h4 58. Kd3 h3 59.
Rg7 h2 60. Rxg6+ Kf2 61. Rh6 Kg2 62. Ke2 h1=Q 63. Rg6+ Kh3 64. Rh6+ Kg2 65.
Rxh1 Kxh1 1/2-1/2

[Event "26th WSCC 2016 Open 50+"]
[Site "Marianske Lazne, Czech Republic - Hotel Cristal and Continental"]
[Date "2016.11.21"]
[Round "3.35"]
[White "Krutina, Miroslav"]
[Black "Lacina, Adolf"]
[Result "0-1"]
[WhiteElo "1983"]
[BlackElo "2206"]
[PlyCount "120"]
[EventDate "2016.11.19"]

1. Nf3 Nf6 2. g3 d5 3. c4 c6 4. Bg2 Bf5 5. O-O e6 6. d3 Nbd7 7. a3 a5 8. b3 h6
9. Nbd2 Bc5 10. Bb2 O-O 11. d4 Be7 12. Ne5 Qc7 13. Ndf3 Be4 14. Nd3 a4 15. cxd5
exd5 16. b4 Nb6 17. Nfe5 Bxg2 18. Kxg2 Ne4 19. f3 Nd6 20. Nc5 Ndc4 21. Nxc4
Nxc4 22. Bc1 b5 23. Ra2 Rfe8 24. Nd3 Bf6 25. Nf2 Qb6 26. e3 Rxe3 27. Ng4 Re6
28. Nxf6+ Rxf6 29. Re1 Re6 30. Rxe6 fxe6 31. f4 Qd8 32. Qd3 Qf6 33. Re2 Kf7 34.
Rf2 Qf5 35. Rf3 h5 36. Qe2 g6 37. Qd3 Rd8 38. Kf1 Qe4 39. Kf2 Kf6 40. h3 Rh8
41. Kf1 Kf5 42. Kf2 Qxd3 43. Rxd3 Ke4 44. Rd1 Re8 45. Ke2 Rf8 46. Rd3 Rf6 47.
Rd1 Rf7 48. Rd3 Rf8 49. Rd1 Re8 50. Rd3 c5 51. dxc5 d4 52. Rd1 Kd5 53. Kf2 e5
54. fxe5 Rxe5 55. Kf3 Rf5+ 56. Ke2 Ke4 57. Rd3 Ne5 58. Rd1 d3+ 59. Kd2 Rf2+ 60.
Ke1 Rh2 0-1

[Event "26th WSCC 2016 Open 50+"]
[Site "Marianske Lazne, Czech Republic - Hotel Cristal and Continental"]
[Date "2016.11.21"]
[Round "3.36"]
[White "Malinovsky, Petr"]
[Black "Hartung-Nielsen, Jens"]
[Result "1-0"]
[WhiteElo "1957"]
[BlackElo "2200"]
[PlyCount "129"]
[EventDate "2016.11.19"]

1. d4 d5 2. c4 e6 3. Nc3 Bb4 4. e3 Nf6 5. Bd3 O-O 6. Nge2 Re8 7. O-O Nbd7 8.
Qc2 c5 9. cxd5 exd5 10. a3 Bxc3 11. bxc3 c4 12. Bf5 Nb6 13. a4 Bxf5 14. Qxf5
Qd7 15. Qc2 Nc8 16. Ba3 Ne7 17. Bxe7 Rxe7 18. Ng3 g6 19. Rfe1 Rae8 20. Re2 h5
21. Rae1 h4 22. Nf1 Re6 23. f3 Ra6 24. Rb1 Ra5 25. Rb4 Re6 26. Qb1 Rea6 27.
Rxb7 Qxa4 28. Reb2 Qc6 29. Re7 Rb6 30. e4 Rxb2 31. Qxb2 dxe4 32. Qb8+ Kg7 33.
fxe4 Nxe4 34. Qf4 Nd6 35. Re1 Ra2 36. Ne3 h3 37. gxh3 Kg8 38. d5 Qb6 39. Kh1
Qc5 40. Qe5 Rf2 41. Ng4 Rf3 42. Kg2 Rf5 43. Nh6+ Kh7 44. Nxf5 Nxf5 45. Re4 Kg8
46. Qe8+ Kg7 47. Qc6 Qa3 48. Qxc4 Qb2+ 49. Qe2 Qxc3 50. h4 Qf6 51. h5 Qg5+ 52.
Kh1 gxh5 53. Qg2 Qxg2+ 54. Kxg2 Kf6 55. Kf3 Nd6 56. Re1 Kf5 57. Re7 Kf6 58.
Rxa7 Ke5 59. Ra5 f5 60. Kg3 Ne4+ 61. Kh4 Nf6 62. d6+ Kxd6 63. Rxf5 Ke6 64. Rf1
Ke5 65. Kg5 1-0

[Event "26th WSCC 2016 Open 50+"]
[Site "Marianske Lazne, Czech Republic - Hotel Cristal and Continental"]
[Date "2016.11.21"]
[Round "3.37"]
[White "Kolesar, Milan"]
[Black "Petras, Milan"]
[Result "1-0"]
[WhiteElo "2194"]
[BlackElo "1969"]
[PlyCount "63"]
[EventDate "2016.11.19"]

1. Nf3 Nf6 2. c4 g6 3. g3 Bg7 4. Bg2 O-O 5. d4 d6 6. O-O Nbd7 7. Nc3 e5 8. e4
exd4 9. Nxd4 Re8 10. h3 a6 11. Re1 Ne5 12. b3 Rb8 13. Bf4 Nh5 14. Be3 c5 15.
Nde2 b5 16. f4 Nd7 17. Rc1 bxc4 18. bxc4 Nb6 19. Nd5 Nf6 20. Qd3 Nbxd5 21. cxd5
Nxe4 22. Bxe4 Qe7 23. Nc3 Bxh3 24. Bf2 Qd7 25. Bf3 h5 26. Rxe8+ Rxe8 27. Re1
Rb8 28. Ne4 a5 29. Qa6 Rb4 30. Qa8+ Kh7 31. Ng5+ Kh6 32. Qg8 1-0

[Event "26th WSCC 2016 Open 50+"]
[Site "Marianske Lazne, Czech Republic - Hotel Cristal and Continental"]
[Date "2016.11.21"]
[Round "3.38"]
[White "Marsalek, Lubos"]
[Black "Barron, Michael"]
[Result "0-1"]
[WhiteElo "1927"]
[BlackElo "2189"]
[PlyCount "96"]
[EventDate "2016.11.19"]

1. d4 f5 2. c4 Nf6 3. Nc3 d6 4. Bg5 Nbd7 5. Qc2 g6 6. h4 Bg7 7. Nh3 e5 8. e3 c6
9. h5 Qa5 10. h6 Bf8 11. O-O-O Be7 12. Kb1 Nf8 13. d5 N8d7 14. Be2 O-O 15. f4
Rf7 16. Rhg1 Rb8 17. Bxf6 Bxf6 18. g4 fxg4 19. Bxg4 Nf8 20. Bxc8 Rxc8 21. f5
Qc7 22. fxg6 Nxg6 23. Ne4 cxd5 24. Neg5 Bxg5 25. Nxg5 Rf6 26. Rxd5 Qxc4 27.
Qxc4 Rxc4 28. Rc1 Rxc1+ 29. Kxc1 Ne7 30. Rb5 b6 31. Rb3 Rxh6 32. Rc3 Rg6 33.
Rc7 Rxg5 34. Rxe7 Rg7 35. Re6 h5 36. Rxd6 h4 37. Rd1 h3 38. Rh1 Rg3 39. Kd2
Rg2+ 40. Kd3 h2 41. Ke4 Rxb2 42. a4 Re2 43. Kd3 Ra2 44. Ke4 Rxa4+ 45. Kxe5 Ra2
46. e4 Kf7 47. Kd6 Rd2+ 48. Kc6 Ke6 0-1

[Event "26th WSCC 2016 Open 50+"]
[Site "Marianske Lazne, Czech Republic - Hotel Cristal and Continental"]
[Date "2016.11.21"]
[Round "3.39"]
[White "Maslak, Alexander"]
[Black "Valet, Richard"]
[Result "1/2-1/2"]
[WhiteElo "2186"]
[BlackElo "1943"]
[PlyCount "59"]
[EventDate "2016.11.19"]

1. e4 c5 2. Nf3 Nc6 3. d4 cxd4 4. Nxd4 Nf6 5. Nc3 e5 6. Ndb5 d6 7. Bg5 a6 8.
Na3 b5 9. Bxf6 gxf6 10. Nd5 Bg7 11. c3 f5 12. exf5 Bxf5 13. Nc2 O-O 14. Nce3
Be6 15. Bd3 f5 16. Qh5 e4 17. Bc2 Ne7 18. Rd1 Ng6 19. g4 f4 20. Nf5 Bxf5 21.
gxf5 Qh4 22. Ne7+ Qxe7 23. fxg6 h6 24. Qd5+ Kh8 25. Qxe4 Qf6 26. O-O f3 27. Kh1
Rae8 28. Qg4 Re5 29. Qg3 d5 30. Rd4 1/2-1/2

[Event "26th WSCC 2016 Open 50+"]
[Site "Marianske Lazne, Czech Republic - Hotel Cristal and Continental"]
[Date "2016.11.21"]
[Round "3.40"]
[White "Danek, Pavel"]
[Black "Folk, Petr"]
[Result "1/2-1/2"]
[WhiteElo "1917"]
[BlackElo "2182"]
[PlyCount "49"]
[EventDate "2016.11.19"]

1. d4 Nf6 2. Nf3 e6 3. Bg5 c5 4. c3 h6 5. Bh4 b6 6. e3 Be7 7. Bd3 Bb7 8. Nbd2
O-O 9. O-O Nc6 10. Qc2 cxd4 11. exd4 Rc8 12. a3 Nh5 13. Bxe7 Qxe7 14. Rfe1 Nf4
15. Bf1 Qf6 16. g3 Nd5 17. Ne5 Qd8 18. Nxc6 Bxc6 19. Bg2 d6 20. f4 Qd7 21. Nf1
Rfe8 22. Ne3 Qb7 23. Nxd5 Bxd5 24. Bxd5 Qxd5 25. Qg2 1/2-1/2

[Event "26th WSCC 2016 Open 50+"]
[Site "Marianske Lazne, Czech Republic - Hotel Cristal and Continental"]
[Date "2016.11.21"]
[Round "3.41"]
[White "Wolff, Peter"]
[Black "Sykora, Ondrej"]
[Result "1/2-1/2"]
[WhiteElo "1912"]
[BlackElo "2179"]
[PlyCount "96"]
[EventDate "2016.11.19"]

1. c4 e5 2. g3 Nc6 3. Bg2 g6 4. Nc3 Bg7 5. e4 d6 6. d3 h6 7. Nge2 Nge7 8. Nd5
O-O 9. O-O Nd4 10. Nxd4 exd4 11. b4 c6 12. Nxe7+ Qxe7 13. Bf4 Kh7 14. Re1 Be6
15. a4 Qd7 16. h4 Rad8 17. Kh2 Qe7 18. Qd2 Be5 19. Bxe5 dxe5 20. b5 c5 21. f4
exf4 22. Qxf4 g5 23. hxg5 hxg5 24. Qf3 Rh8 25. Rh1 Kg7+ 26. Kg1 Rxh1+ 27. Bxh1
Rh8 28. Ra2 Qc7 29. Rh2 Rxh2 30. Kxh2 b6 31. Qh5 Qd8 32. Bf3 Qh8 33. Qxh8+ Kxh8
34. g4 $11 Kg7 35. Kg3 Kf6 36. Bd1 Ke5 37. Bb3 f6 38. Ba2 Bf7 39. Bb3 Bg6 40.
Bc2 Be8 41. Bb3 Bd7 42. Bc2 Bc8 43. Bd1 Bb7 44. Bf3 a6 45. Bg2 axb5 46. axb5
Bc8 47. Bf1 Be6 48. Kf3 Bf7 1/2-1/2

[Event "26th WSCC 2016 Open 50+"]
[Site "Marianske Lazne, Czech Republic - Hotel Cristal and Continental"]
[Date "2016.11.21"]
[Round "3.43"]
[White "Mazzamuto, Nicola"]
[Black "Dovzhenko, Viktor"]
[Result "1-0"]
[WhiteElo "1903"]
[BlackElo "2171"]
[PlyCount "107"]
[EventDate "2016.11.19"]

1. Nf3 g6 2. c4 Bg7 3. g3 c5 4. Bg2 Nc6 5. Nc3 a6 6. O-O Rb8 7. e3 b5 8. cxb5
axb5 9. d4 b4 10. Ne4 cxd4 11. exd4 d6 12. Re1 Nh6 13. Qa4 Bd7 14. Nxd6+ Kf8
15. Ne4 Nxd4 16. Qd1 Bg4 17. Bxh6 e5 18. Bxg7+ Kxg7 19. Ned2 Re8 20. h3 Bf5 21.
Nxd4 Qxd4 22. b3 Rbd8 23. Nc4 Qc5 24. Qc1 Rd3 25. Re3 Rdd8 26. Qe1 f6 27. Rd1
h5 28. Kh2 Be6 29. Rxd8 Rxd8 30. Nxe5 fxe5 31. Rxe5 Bd5 32. Bxd5 Rxd5 33. Rxd5
Qxd5 34. Qxb4 g5 35. Qe7+ Kg6 36. h4 gxh4 37. Qxh4 Qd2 38. Qe4+ Kg7 39. Qe5+
Kg6 40. Qe6+ Kg7 41. Qe3 Qxa2 42. b4 Qb2 43. Qc5 h4 44. gxh4 Kf7 45. Qf5+ Ke8
46. b5 Qd4 47. Kg3 Qc3+ 48. Kg4 Qg7+ 49. Kf4 Qh6+ 50. Qg5 Qf8+ 51. Qf5 Qh6+ 52.
Ke5 Qg7+ 53. Kd6 Qf6+ 54. Qe6+ 1-0

[Event "26th WSCC 2016 Open 50+"]
[Site "Marianske Lazne, Czech Republic - Hotel Cristal and Continental"]
[Date "2016.11.21"]
[Round "3.44"]
[White "Kozak, Milos"]
[Black "Hrabal, Ivan"]
[Result "1-0"]
[WhiteElo "2159"]
[BlackElo "1932"]
[PlyCount "97"]
[EventDate "2016.11.19"]

1. Nf3 e6 2. c4 f5 3. g3 Nf6 4. Bg2 c6 5. O-O d5 6. d3 Bd6 7. Nc3 O-O 8. e4
dxe4 9. dxe4 Bb4 10. exf5 exf5 11. Qb3 Na6 12. a3 Ba5 13. Be3 Qe7 14. Qc2 Bxc3
15. Qxc3 Ne4 16. Qc2 Bd7 17. Rfe1 Rae8 18. Bxa7 c5 19. Bb6 Bc6 20. Nd2 Qf6 21.
Nxe4 fxe4 22. Ba5 Qf5 23. Re3 Nb8 24. Rae1 Nd7 25. Bc3 Ne5 26. Bxe5 Rxe5 27.
Rd1 Qf7 28. Rd2 Rfe8 29. b4 b6 30. Rd6 R5e6 31. Rxe6 Qxe6 32. b5 Bb7 33. Qc3
Rd8 34. Bf1 Rd4 35. a4 h6 36. a5 bxa5 37. Qxa5 Qd7 38. Be2 Bc8 39. Qa8 Qb7 40.
Qxb7 Bxb7 41. Ra3 Kh7 42. Kf1 Kg6 43. Ra7 Bc8 44. Rc7 Be6 45. Rxc5 Kf6 46. Ke1
g6 47. b6 Rd7 48. Rc6 Ke7 49. Rxe6+ 1-0

[Event "26th WSCC 2016 Open 50+"]
[Site "Marianske Lazne, Czech Republic - Hotel Cristal and Continental"]
[Date "2016.11.21"]
[Round "3.45"]
[White "Agusto, Obafunmilayo"]
[Black "Kainz, Josef"]
[Result "1-0"]
[WhiteElo "2144"]
[BlackElo "1907"]
[PlyCount "131"]
[EventDate "2016.11.19"]

1. d4 Nf6 2. c4 g6 3. Nc3 d5 4. cxd5 Nxd5 5. e4 Nxc3 6. bxc3 Bg7 7. Bc4 O-O 8.
Be3 c5 9. Ne2 Nc6 10. O-O cxd4 11. cxd4 Na5 12. Bd3 b6 13. Rc1 Bb7 14. f3 e6
15. Qd2 Qd7 16. Rfd1 Rac8 17. Kf2 Rxc1 18. Rxc1 Rc8 19. Rxc8+ Qxc8 20. Qc3 Qxc3
21. Nxc3 Nc6 22. Nb5 Nb4 23. Bb1 a5 24. a3 Ba6 25. Nc7 Bd3 26. axb4 Bxb1 27.
bxa5 bxa5 28. Ke2 Bf8 29. Nb5 Bc2 30. Bc1 f5 31. exf5 gxf5 32. Ba3 Ba4 33. Nc3
Bc6 34. Bxf8 Kxf8 35. Kd3 Ke7 36. Kc4 Kd6 37. f4 Bxg2 38. Kb5 Ke7 39. Kxa5 Kf6
40. Kb4 Kg6 41. Kc5 Kh5 42. Kd6 Kg4 43. Kxe6 Kxf4 44. d5 Kg4 45. d6 Bc6 46. Ne2
f4 47. h3+ Kg5 48. Nd4 Bg2 49. Ke5 Bxh3 50. Ne6+ Bxe6 51. Kxe6 Kg4 52. d7 f3
53. d8=Q Kg3 54. Qg5+ Kh2 55. Qf4+ Kg2 56. Qg4+ Kf2 57. Ke5 h5 58. Qxh5 Ke3 59.
Qh6+ Ke2 60. Qa6+ Ke1 61. Ke4 f2 62. Qa1+ Ke2 63. Qb2+ Ke1 64. Qc1+ Ke2 65.
Qe3+ Kf1 66. Kf3 1-0

[Event "26th WSCC 2016 Open 50+"]
[Site "Marianske Lazne, Czech Republic - Hotel Cristal and Continental"]
[Date "2016.11.21"]
[Round "3.46"]
[White "Bartonicek, Zdenek"]
[Black "Christiansen, Arne"]
[Result "1/2-1/2"]
[WhiteElo "1894"]
[BlackElo "2133"]
[PlyCount "44"]
[EventDate "2016.11.19"]

1. e4 d6 2. d4 g6 3. Nc3 Bg7 4. Be3 c6 5. Qd2 b5 6. g3 Bb7 7. Bg2 a6 8. Nf3 Nd7
9. a3 Nb6 10. b3 Nf6 11. O-O O-O 12. Bh6 Qc7 13. Bxg7 Kxg7 14. Rfe1 Rad8 15.
Rad1 c5 16. d5 Nbd7 17. Qf4 Ne5 18. Ne2 Nxf3+ 19. Bxf3 Nd7 20. Nc1 Ne5 21. Nd3
f6 22. Qe3 Nxd3 1/2-1/2

[Event "26th WSCC 2016 Open 50+"]
[Site "Marianske Lazne, Czech Republic - Hotel Cristal and Continental"]
[Date "2016.11.21"]
[Round "3.47"]
[White "Baimurzin, Aitkazy"]
[Black "Canonne, Antoine"]
[Result "1/2-1/2"]
[WhiteElo "2132"]
[BlackElo "1887"]
[PlyCount "42"]
[EventDate "2016.11.19"]

1. c4 Nc6 2. g3 e5 3. Bg2 f5 4. Nc3 Nf6 5. e3 Bb4 6. Nge2 O-O 7. O-O Bxc3 8.
Nxc3 d6 9. b3 Bd7 10. d3 Rb8 11. Bd2 a6 12. Rc1 Ne7 13. f4 c6 14. c5 exf4 15.
cxd6 Nc8 16. gxf4 Nxd6 17. e4 Nb5 18. Nxb5 axb5 19. a4 bxa4 20. bxa4 Be6 21.
Be3 Rf7 1/2-1/2